000 01117nam a2200337 c 4500
999 _c172223
_d172223
003 BLK
005 20250716120535.0
008 180411b bul|||||r ||||||| ||bul||
010 _aKNG00180533000
020 _a978-954-28-1584-6
040 _aBLK
041 _aBUL
_cBUL
072 7 _2bullib
_aН84
_xБългарска художествена литература Н
080 _aБългарска литература
_b821.163.2
_x-32
_z821.163.2-32
100 _aСиромахов, Иво Божанов, 1971 -
_9367620
139 _aСиромахов, Иво Божанов
_bС 38
245 1 0 _aМоят таен любовен живот
_bРазкази
_cИво Божанов Сиромахов.
257 _aBGR
260 _bСиела
_c2014
300 _a168 с.
_c21 см
380 _aX
653 _aразкази
659 _aН
852 _aЦб 276282
856 4 _qpdf
856 4 _qpdf
942 _cKNG
_n0
_027
944 _aCR
_c28.08.2015
_lВиолета Тройчева
_k30552
944 _aED
_c30.08.2017
_lф /
_kЛюдмила_Стоянова
999 _d172223